[Event "Mexican op 70th"]
[Site "Mexico City"]
[Date "2025.04.19"]
[Round "9"]
[White "Tapie Amione, Pablo Adib"]
[Black "Arvizu Borchardt, David Ivan"]
[Result "0-1"]
[WhiteElo "2169"]
[BlackElo "2012"]
[PlyCount "90"]
[EventDate "2025.04.14"]
[EventType "swiss"]
[EventRounds "9"]
[EventCountry "MEX"]
[SourceTitle "CB17_2025"]
[SourceDate "2025.04.23"]
[SourceVersion "1"]
[SourceVersionDate "2025.04.23"]
[SourceQuality "1"]

1. e4 c5 2. Nf3 a6 3. c4 Nc6 4. d4 cxd4 5. Nxd4 Nf6 6. Nc3 e5 7. Nf5 d5 8. cxd5 Bxf5 9. exf5 Nd4 10. Bd3 Be7 11. 0-0 0-0 12. Re1 Nxd5 13. Nxd5 Qxd5 14. Qg4 Bf6 15. Be4 Qd7 16. h4 Rad8 17. Kh2 g6 18. Bh6 Rfe8 19. Rad1 Kh8 20. Be3 gxf5 21. Bxf5 Qxf5 22. Rxd4 Qxg4 23. Rxg4 e4 24. Bh6 Be5+ 25. Kh3 f5 26. Rg5 Bf4 27. Bg7+ Kg8 28. Rxf5 Bd2 29. Bc3 Bxe1 30. Bxe1 e3 31. fxe3 Rxe3+ 32. Bg3 Rd2 33. Kh2 Rxb2 34. Bf4 Ree2 35. Bh6 Rxg2+ 36. Kh3 Rbf2 37. Rd5 Kf7 38. Rd7+ Kg6 39. Be3 Rh2+ 40. Kg3 Rfg2+ 41. Kf3 Rxa2 42. Rd6+ Kf5 43. Rd5+ Ke6 44. Rh5 Rh3+ 45. Ke4 Re2 0-1

[Event "Mexican op 70th"]
[Site "Mexico City"]
[Date "2025.04.15"]
[Round "2"]
[White "Arvizu Borchardt, David Ivan"]
[Black "Figueredo Losada, Leonel"]
[Result "1/2-1/2"]
[WhiteElo "2012"]
[BlackElo "2302"]
[PlyCount "74"]
[EventDate "2025.04.14"]
[EventType "swiss"]
[EventRounds "9"]
[EventCountry "MEX"]
[SourceTitle "CB17_2025"]
[SourceDate "2025.04.23"]
[SourceVersion "1"]
[SourceVersionDate "2025.04.23"]
[SourceQuality "1"]

1. e4 c5 2. Nf3 e6 3. d4 cxd4 4. Nxd4 Nc6 5. Nc3 d6 6. Be3 Nf6 7. Be2 Be7 8. Qd2 e5 9. Nb3 0-0 10. 0-0-0 a5 11. a4 Nb4 12. f4 Ng4 13. Bxg4 Bxg4 14. Rde1 exf4 15. Bxf4 Rc8 16. Kb1 Bh5 17. Nd4 Bg6 18. Nf5 Bxf5 19. exf5 Qd7 20. Be5 Qxf5 21. Bd4 Bg5 22. Qe2 Nc6 23. Rhf1 Qd7 24. Qh5 Bh6 25. Bf6 Rfe8 26. Nd5 Rxe1+ 27. Rxe1 Re8 28. Rf1 Nb4 29. Bc3 Nxd5 30. Qxd5 b6 31. Rd1 Qxa4 32. Qxd6 Qb5 33. Rd3 Qa4 34. Rd1 Qb5 35. Rd3 a4 36. Rg3 Qf1+ 37. Ka2 Qc4+ 1/2-1/2

[Event "Titled Tuesday intern op 21st Jan Late"]
[Site "Chess.com INT"]
[Date "2025.01.21"]
[Round "11"]
[White "Arvizu Borchardt, David Ivan"]
[Black "Casares Ugueto, Santiago De Jesus"]
[Result "1-0"]
[WhiteElo "2012"]
[BlackElo "1977"]
[PlyCount "69"]
[EventDate "2025.01.21"]
[EventType "swiss (blitz)"]
[EventRounds "11"]
[EventCountry "USA"]
[SourceTitle "CB05_2025"]
[SourceDate "2025.01.29"]
[SourceVersion "1"]
[SourceVersionDate "2025.01.29"]
[SourceQuality "1"]

1. e4 c6 2. d4 d5 3. Nc3 dxe4 4. Nxe4 Nf6 5. Nxf6+ exf6 6. c3 Bd6 7. Bd3 0-0 8. Qc2 g6 9. Ne2 Re8 10. Bh6 Nd7 11. h4 f5 12. h5 Qf6 13. hxg6 fxg6 14. Qb3+ Kh8 15. 0-0-0 Nb6 16. Nf4 g5 17. Ne2 Be6 18. Qc2 Bd5 19. Qd2 Rg8 20. Rh5 Nc4 21. Bxg5 Qg6 22. Bxc4 Bxc4 23. Rdh1 Rg7 24. Nf4 Bxf4 25. Qxf4 Re8 26. Qh4 Kg8 27. Bf6 f4 28. Bxg7 Re2 29. Qd8+ Kf7 30. Qf8+ Ke6 31. Rh6 Rc2+ 32. Kd1 Be2+ 33. Ke1 Rc1+ 34. Kxe2 Rc2+ 35. Kd1 1-0

[Event "Titled Tuesday intern op 21st Jan Late"]
[Site "Chess.com INT"]
[Date "2025.01.21"]
[Round "7"]
[White "Arvizu Borchardt, David Ivan"]
[Black "Solovjov, Alexandr"]
[Result "0-1"]
[WhiteElo "2012"]
[BlackElo "2237"]
[PlyCount "104"]
[EventDate "2025.01.21"]
[EventType "swiss (blitz)"]
[EventRounds "11"]
[EventCountry "USA"]
[SourceTitle "CB05_2025"]
[SourceDate "2025.01.29"]
[SourceVersion "1"]
[SourceVersionDate "2025.01.29"]
[SourceQuality "1"]

1. e4 e5 2. d4 exd4 3. Qxd4 Nc6 4. Qe3 Nf6 5. Bd2 d5 6. exd5+ Ne7 7. c4 c6 8. dxc6 bxc6 9. Nf3 Be6 10. Nc3 Nf5 11. Qd3 Qxd3 12. Bxd3 0-0-0 13. Ke2 Bc5 14. Be3 Nxe3 15. fxe3 Ng4 16. Nd1 Rhe8 17. h3 Nxe3 18. Nxe3 Bxe3 19. Kxe3 Bxc4+ 20. Kf2 Bxd3 21. Rhe1 f6 22. Rac1 Rxe1 23. Rxe1 Kc7 24. Re7+ Rd7 25. Re8 Bg6 26. Ra8 Kb7 27. Rg8 Be4 28. Ke3 Bxf3 29. gxf3 g6 30. h4 Kb6 31. f4 Kc5 32. Rb8 Re7+ 33. Kf3 a5 34. Ra8 Kb5 35. Rb8+ Kc4 36. Ra8 Kb5 37. Rb8+ Ka6 38. Ra8+ Ra7 39. Rc8 Kb6 40. Rb8+ Kc5 41. Rf8 f5 42. Rf6 a4 43. Re6 a3 44. b3 Kb5 45. Re5+ c5 46. Ke3 Kb4 47. Kd3 Rd7+ 48. Kc2 Rd4 49. Re7 Rxf4 50. Rxh7 Rf2+ 51. Kb1 Rh2 52. Rh6 Kc3 0-1

[Event "Titled Tuesday intern op 14th Jan Early"]
[Site "Chess.com INT"]
[Date "2025.01.14"]
[Round "5"]
[White "Arvizu Borchardt, David Ivan"]
[Black "Baqer, Hamed Khlaf"]
[Result "1-0"]
[WhiteElo "2012"]
[BlackElo "2003"]
[PlyCount "77"]
[EventDate "2025.01.14"]
[EventType "swiss (blitz)"]
[EventRounds "11"]
[EventCountry "USA"]
[SourceTitle "CB04_2025"]
[SourceDate "2025.01.22"]
[SourceVersion "1"]
[SourceVersionDate "2025.01.22"]
[SourceQuality "1"]

1. e4 e5 2. d4 exd4 3. Qxd4 Nc6 4. Qe3 d6 5. Nc3 Nf6 6. Bd2 Be7 7. 0-0-0 0-0 8. f4 a6 9. h3 b5 10. g4 b4 11. Nd5 Be6 12. Bc4 Na5 13. Nxf6+ Bxf6 14. Bxe6 fxe6 15. g5 e5 16. gxf6 Qxf6 17. fxe5 Qxe5 18. Bxb4 Nc4 19. Qb3 Qxe4 20. Ne2 Rf3 21. Nc3 Qf4+ 22. Kb1 Kh8 23. Nd5 Rxb3 24. Nxf4 Rxb2+ 25. Kc1 Rxb4 26. Rd4 Rab8 27. Rxc4 Rxc4 28. Rf1 Rcb4 29. Kd2 Rb2 30. Nd3 Rxa2 31. Rf7 a5 32. Nf4 a4 33. Ne6 a3 34. Nxg7 Rab2 35. Rxc7 a2 36. Ra7 Rc8 37. Ne6 Rcxc2+ 38. Kd3 Rc8 39. h4 1-0

[Event "Titled Tuesday intern op 14th Jan Early"]
[Site "Chess.com INT"]
[Date "2025.01.14"]
[Round "8"]
[White "Sobek, Jaroslav"]
[Black "Arvizu Borchardt, David Ivan"]
[Result "0-1"]
[WhiteElo "2197"]
[BlackElo "2012"]
[PlyCount "86"]
[EventDate "2025.01.14"]
[EventType "swiss (blitz)"]
[EventRounds "11"]
[EventCountry "USA"]
[SourceTitle "CB04_2025"]
[SourceDate "2025.01.22"]
[SourceVersion "1"]
[SourceVersionDate "2025.01.22"]
[SourceQuality "1"]

1. d4 d5 2. c4 dxc4 3. Nf3 Nf6 4. e3 e6 5. Bxc4 a6 6. 0-0 c5 7. Qe2 Be7 8. dxc5 Bxc5 9. Rd1 Qe7 10. a3 b5 11. Bd3 e5 12. e4 Nc6 13. h3 0-0 14. Nc3 Nd4 15. Nxd4 exd4 16. Nd5 Nxd5 17. exd5 Qxe2 18. Bxe2 Bb7 19. b4 Be7 20. Bb2 Bxd5 21. Bxd4 Be6 22. Bf3 Rab8 23. Be5 Rbd8 24. Bb7 Bc8 25. Bxc8 Rxc8 26. Rd7 Rfe8 27. Bb2 Bg5 28. Rad1 Rc2 29. Bd4 h5 30. Rd5 f6 31. Bc5 Ra2 32. R1d3 h4 33. R5d4 Re1+ 34. Kh2 Raa1 35. g4 Rh1+ 36. Kg2 Rag1+ 37. Kf3 Rxh3+ 38. Ke2 Rxd3 39. Rxd3 Rxg4 40. Kf3 f5 41. Rd1 h3 42. Rh1 Rh4 43. Kg3 Kf7 0-1

[Event "Iberoamerican-ch 8th"]
[Site "Mexico City"]
[Date "2022.02.16"]
[Round "6"]
[White "Frey Beckman, Kenneth"]
[Black "Arvizu Borchardt, David Ivan"]
[Result "1/2-1/2"]
[WhiteElo "2242"]
[BlackElo "1987"]
[PlyCount "38"]
[EventDate "2022.02.12"]
[EventType "swiss"]
[EventRounds "9"]
[EventCountry "MEX"]
[SourceTitle "CBM 206 Extra"]
[Source "ChessBase"]
[SourceDate "2022.03.31"]
[SourceVersion "1"]
[SourceVersionDate "2022.03.31"]
[SourceQuality "1"]

1. Nf3 d5 2. d4 Nf6 3. c4 dxc4 4. e3 e6 5. Bxc4 c5 6. 0-0 a6 7. Bb3 Nc6 8. Nc3 cxd4 9. exd4 Be7 10. Re1 0-0 11. Bg5 b5 12. Qd3 Bb7 13. Rad1 Nb4 14. Qd2 Bxf3 15. gxf3 Nbd5 16. Nxd5 Nxd5 17. Bxe7 Nxe7 18. d5 Nxd5 19. Bxd5 exd5 1/2-1/2